Purchasing and supply management / (Record no. 132166)

MARC details
000 -LEADER
fixed length control field 00833nam a22002657a 4500
003 - CONTROL NUMBER IDENTIFIER
control field dpl
005 - DATE AND TIME OF LATEST TRANSACTION
control field 20180622120321.0
008 - FIXED-LENGTH DATA ELEMENTS--GENERAL INFORMATION
fixed length control field 180622b xxu||||| |||| 00| 0 eng d
010 ## - LIBRARY OF CONGRESS CONTROL NUMBER
LC control number A-945307
020 ## - INTERNATIONAL STANDARD BOOK NUMBER
Terms of availability 00.00
International Standard Book Number 8171695418
035 ## - SYSTEM CONTROL NUMBER
System control number A-945307, A-945312
037 ## - SOURCE OF ACQUISITION
Source of stock number/acquisition Cen Lib/Ret
040 ## - CATALOGING SOURCE
Original cataloging agency DPL
Language of cataloging EN
Transcribing agency 0
082 ## - DEWEY DECIMAL CLASSIFICATION NUMBER
Classification number 658.7
Item number CHO
100 ## - MAIN ENTRY--PERSONAL NAME
Personal name Choudhary, A. K
9 (RLIN) 33878
245 ## - TITLE STATEMENT
Title Purchasing and supply management /
Statement of responsibility, etc by A. K. Choudhary
250 ## - EDITION STATEMENT
Edition statement 1st ed
260 ## - PUBLICATION, DISTRIBUTION, ETC. (IMPRINT)
Place of publication, distribution, etc New Delhi
Name of publisher, distributor, etc Commonwealth Publishers
Date of publication, distribution, etc 1999
270 ## - ADDRESS
Address 4831/24, Prahlad Street, Ansari Road, Darya Ganj
City New Delhi
Postal code 110002
300 ## - PHYSICAL DESCRIPTION
Extent v,317p.
Dimensions 21cm(Hb)
500 ## - GENERAL NOTE
General note Includes index
650 ## - SUBJECT ADDED ENTRY--TOPICAL TERM
Topical term or geographic name as entry element Purchasing, supply
9 (RLIN) 33879
650 ## - SUBJECT ADDED ENTRY--TOPICAL TERM
Topical term or geographic name as entry element Legal aspects of purchasing
9 (RLIN) 33880
942 ## - ADDED ENTRY ELEMENTS (KOHA)
Source of classification or shelving scheme Dewey Decimal Classification
Koha item type English Books
Classification part 658.7
Call number suffix CHO
Holdings
Withdrawn status Lost status Damaged status Not for loan Home library Current library Date acquired Source of acquisition Cost, normal purchase price Total Checkouts Full call number Barcode Date last seen Copy number Cost, replacement price Price effective from Koha item type Public note Source of classification or shelving scheme Collection code Total Renewals Date checked out
Written off       Central Library Central Library 21/07/2015 Cen Lib/Ret 0.00   658.7 CHO A-945307 21/07/2015 1 0.00 21/07/2015 English Books W/d List No. 6878/25; dtd 27/08/2022        
        Sarojini Nagar Sarojini Nagar 07/05/2019     1 658.7 CHO A-945309 09/09/2020     07/05/2019 English Books Withdrawn List Prepared L.No.15/22 Dewey Decimal Classification Non-fiction   05/09/2020
        Shahdara Branch Shahdara Branch 22/06/2018 BPPD/PUB 0.00 1 658.7 CHO A-945312 28/02/2023   0.00 22/06/2018 English Books   Dewey Decimal Classification Non-fiction 1 28/01/2023

© Delhi Public Library
Hit Counter
free hit counter